| 000 | 00767nam a2200253Ia 4500 | ||
|---|---|---|---|
| 003 | OSt | ||
| 005 | 20221006160502.0 | ||
| 006 | a|||||r|||| 00| 0 | ||
| 007 | ta | ||
| 008 | 221006b |||||||| |||| 00| 0 eng d | ||
| 024 | _a45,297 | ||
| 037 | _cSeries Articles | ||
| 040 |
_aEASL _cEASL _beng |
||
| 041 |
_2eng _aeng |
||
| 100 |
_aLuisa Steur _9673849 |
||
| 245 | 0 |
_aAn 'expanded' class perpective _b bringing capitalism down to earth in the changing political lives of adivasi workers in Kerala |
|
| 260 |
_aNew York _bCambridge University Press U.K _c2014 |
||
| 300 |
_a1334-1357pp. _ccm. |
||
| 490 | _v48 0 | ||
| 650 |
_a Political Lives _9673850 |
||
| 650 | _aAsian Studies | ||
| 942 |
_cREF _2CC |
||
| 999 |
_c1113389 _d1113389 |
||